Medical law and ethics / (Record no. 13811)

000 -LEADER
fixed length control field 00523cam a2200145 i 4500
020 ## - INTERNATIONAL STANDARD BOOK NUMBER
ISBN 9781444167870
082 00 - DEWEY DECIMAL CLASSIFICATION NUMBER
Classification number 344.41041
100 1# - MAIN ENTRY--AUTHOR NAME
Personal name Carr, Claudia,
245 10 - TITLE STATEMENT
Title Medical law and ethics /
300 ## - PHYSICAL DESCRIPTION
Number of Pages 220 pages :
Other physical details illustrations ;
490 0# - SERIES STATEMENT
Series statement Course notes
505 0# - FORMATTED CONTENTS NOTE
Formatted contents note Medical negligence -- Consent -- Mental health law -- Resource allocation -- Confidentiality -- Ethical theories -- Assisted conception -- Abortion -- Organ donation -- End of life.
650 #0 - SUBJECT ADDED ENTRY--TOPICAL TERM
Topical Term Medical laws and legislation
942 ## - ADDED ENTRY ELEMENTS (KOHA)
Koha item type Electronic Books
Holdings
Permanent Location Date acquired Collection code Koha item type Lost status Shelving location Current Location Withdrawn status Full call number
Cagayan State University - Carig Library2018-03-13E-BooksElectronic Books E-Resource SectionCagayan State University - Carig Library 344.41041

Cagayan State University University Library, Carig Campus
Tuguegarao City, Cagayan 3500 | www.csucarig.edu.ph

Powered by Koha